[Event "European Club Cup"]
[Site "chess24.com"]
[Date "2018.10.18"]
[Round "7"]
[White "Kelo, Kauko"]
[Black "Nahkur, Madis"]
[Result "0-1"]
[WhiteElo "1592"]
[BlackElo "2013"]
[Annotator ""]
[Source ""]
[Remark ""]

1.d4 {[%clk 1:30:57]} Nf6 {[%clk 1:30:54]} 2.Bf4 {[%clk 1:31:16]}
e6 {[%clk 1:30:45]} 3.Nf3 {[%clk 1:31:39]} Be7 {[%clk 1:30:48]}
4.e3 {[%clk 1:31:35]} O-O {[%clk 1:31:10]} 5.Bd3 {[%clk 1:31:06]}
d5 {[%clk 1:30:50]} 6.Nbd2 {[%clk 1:28:22]} c5 {[%clk 1:30:45]}
7.c3 {[%clk 1:27:58]} b6 {[%clk 1:29:35]} 8.e4 {[%clk 1:26:39]}
cxd4 {[%clk 1:23:00]} 9.Nxd4 {[%clk 1:19:14]} dxe4 {[%clk 1:19:30]}
10.Nxe4 {[%clk 1:18:37]} Bb7 {[%clk 1:19:56]} 11.Nxf6+ {[%clk 1:15:50]}
Bxf6 {[%clk 1:20:22]} 12.Nf3 {[%clk 1:10:24]} e5 {[%clk 1:19:04]}
13.Qc2 {[%clk 0:53:45]} exf4 {[%clk 1:08:17]} 14.O-O-O {[%clk 0:53:47]}
Qc7 {[%clk 1:08:33]} 15.Bxh7+ {[%clk 0:53:04]} Kh8 {[%clk 1:08:51]}
16.h4 {[%clk 0:47:21]} Bxf3 {[%clk 0:33:09]} 17.gxf3 {[%clk 0:47:27]}
Nc6 {[%clk 0:23:53]} 18.Rd5 {[%clk 0:39:02]} Ne5 {[%clk 0:24:03]}
19.Qf5 {[%clk 0:37:32]} Rfd8 {[%clk 0:23:49]} 20.Qh5 {[%clk 0:27:36]}
Rxd5 {[%clk 0:23:14]} 21.Be4+ {[%clk 0:27:53]} Kg8 {[%clk 0:23:35]}
22.Qh7+ {[%clk 0:25:04]} Kf8 {[%clk 0:24:04]} 23.Bxd5 {[%clk 0:25:09]}
Rd8 {[%clk 0:24:14]} 24.Bb3 {[%clk 0:24:19]} Qc5 {[%clk 0:18:28]}
25.Rd1 {[%clk 0:16:48]} Rxd1+ {[%clk 0:18:44]} 26.Bxd1 {[%clk 0:17:01]}
Qxf2 {[%clk 0:18:54]} 27.Qf5 {[%clk 0:16:19]} Qe3+ {[%clk 0:18:50]}
28.Kc2 {[%clk 0:16:20]} Qf2+ {[%clk 0:16:13]} 29.Kc1 {[%clk 0:15:30]}
Qc5 {[%clk 0:16:27]} 30.h5 {[%clk 0:14:28]} Ke7 {[%clk 0:16:31]}
31.Bc2 {[%clk 0:12:44]} Qe3+ {[%clk 0:16:46]} 32.Kd1 {[%clk 0:12:50]}
Qxf3+ {[%clk 0:16:44]} 33.Ke1 {[%clk 0:12:06]} Bh4+ {[%clk 0:17:03]}
34.Kd2 {[%clk 0:12:20]} Qe3+ {[%clk 0:17:20]} 35.Kd1 {[%clk 0:12:44]}
Qe1# {[%clk 0:17:46]} 0-1